000 00300nam a22001337a 4500
008 180316b xxu||||| |||| 00| 0 eng d
020 _a9780073525471
041 _aeng
080 _a573
100 _a11
101 _aBIO
245 _aEssentials of the Living World
_cJohnson, G
942 _2udc
_cBK
999 _c45244
_d45244